Справочник по элементам полосковой техники

Dettagli Bibliografici
Altri autori: Фельдштейн А. Л. Александр Львович (редактор)
Lingua:russo
Pubblicazione: Москва, Связь, 1979
Soggetti:
Natura: MixedMaterials Libro
KOHA link:https://koha.lib.tpu.ru/cgi-bin/koha/opac-detail.pl?biblionumber=105438

MARC

LEADER 00000nam0a2200000 4500
001 105438
005 20231031114417.0
035 |a (RuTPU)RU\TPU\book\113783 
090 |a 105438 
100 |a 20061116d1979 k y0rusy50 ca 
101 0 |a rus 
102 |a RU 
105 |a a g 001zy 
200 1 |a Справочник по элементам полосковой техники  |f под ред. А. Л. Фельдштейна 
210 |a Москва  |c Связь  |d 1979 
215 |a 336 с.  |c ил. 
320 |a Библиогр.: с. 325-334. 
610 1 |a полосковые линии передачи 
610 1 |a справочники 
610 1 |a полосковая техника 
610 1 |a делители 
610 1 |a сумматоры 
610 1 |a фильтры 
675 |a 621.372.82(035)  |v 3 
702 1 |a Фельдштейн  |b А. Л.  |g Александр Львович  |4 340 
801 1 |a RU  |b 63413507  |c 20061116  |g PSBO 
801 2 |a RU  |b 63413507  |c 20150503  |g PSBO 
942 |c BK